| 000 | 00370nam a2200169Ia 4500 | ||
|---|---|---|---|
| 003 | 0100 | ||
| 008 | 130303s9999 xx 000 0 und d | ||
| 040 | _cARRUPELIB | ||
| 050 | _aPN1892.S43 1959 | ||
| 100 | _aSewall, Richard Benson | ||
| 245 | 4 | _aThe vision of tragedy | |
| 260 | _aNew Haven | ||
| 260 | _bYale UP | ||
| 260 | _C1959 | ||
| 300 | _a178p | ||
| 942 | 0 | 0 | _01 |
| 999 |
_c48421 _d48421 |
||